| 000 | 00878nam a2200217 i 4500 | ||
|---|---|---|---|
| 001 | 26942 | ||
| 003 | ES-MaACL | ||
| 005 | 20250918063024.0 | ||
| 007 | t| | ||
| 008 | 030113q1891 sp ||||1| spa d | ||
| 100 | 1 |
_aAsensio, José María, _d1829-1905 _923582 |
|
| 245 | 1 | 0 |
_aCristóbal Colón _b: su vida, sus viajes, sus descubrimientos / _cJosé María Asensio. |
| 250 | _aEd. ilustrada con oleografías, copias de famosos cuadros de artistas españoles ... y una carta geográfica. | ||
| 260 |
_aBarcelona : _bEspasa y Cía., _c[1891?] |
||
| 300 |
_a2 v. (CXLIII, 742; 901 p.) : _bil. col. y n. ; _c31 cm. |
||
| 594 | _aPrecede al título: Edición monumental. | ||
| 600 | 0 | 4 |
_aColón, Cristóbal- _xBiografías. _939871 |
| 651 | 4 |
_aAmérica- _xDescubrimientos y exploraciones- _xEspañoles. _9138324 |
|
| 852 |
_aES-MaACL _jC-1793-94 |
||
| 999 |
_c26942 _d26942 |
||